MARC

Tag First Indicator Second Indicator Subfields
LEADER 00000cem a2200000Ia 4500
001 in00002363243
005 20151108084158.0
007 aj canzn
008 940510s1967 tnuag a s 1 eng d
034 1 |a a  |b 24000  |d W0881500  |e W0880730  |f N0360730  |g N0360000 
035 |a (OCoLC)ocm30411202 
035 |a (OCoLC)30411202 
040 |a UUM  |c UUM  |d OCL  |d OCLCQ  |d TXA  |d UtOrBLW 
043 |a n-us-tn 
049 |a TXAM 
052 |a 3963  |b B4  |b C3 
090 |a G3961.C5 s24  |b .T46 no.GM 20-SW 
100 1 |a Russell, Ernest E.  |q (Ernest Everett),  |d 1923- 
245 1 0 |a Geologic map of the Bruceton quadrangle, Tennessee /  |c by Ernest E. Russell ; prepared in cooperation with Tennessee Valley Authority. 
255 |a Scale 1:24,000  |c (W 88⁰15ʹ00ʺ--W 88⁰07ʹ30ʺ/N 36⁰07ʹ30ʺ--N 36⁰00ʹ00ʺ). 
264 1 |a Nashville, Tenn. :  |b Division of Geology,  |c 1967. 
300 |a 1 map :  |b color ;  |c 58 x 47 cm. +  |e pamphlet (24 pages ; 23 cm.) 
336 |a cartographic image  |b cri  |2 rdacontent 
337 |a unmediated  |b n  |2 rdamedia 
338 |a sheet  |b nb  |2 rdacarrier 
490 1 |a Geologic map ;  |v GM 20-SW 
500 |a Title of pamphlet: Mineral resources summary of the Bruceton quadrangle, Tennessee / by Clarke Jones and Robert E. Hershey. 
500 |a Issued in envelope with title: Geologic map and mineral resources summary of the Bruceton quadrangle, Tennessee. 
500 |a Relief shown by contours and spot heights. 
500 |a Base topographic map by USGS-TVA. 
500 |a Includes location map. 
500 |a Cartographic material. 
650 0 |a Geology  |z Tennessee  |z Benton County  |v Maps. 
650 0 |a Geology  |z Tennessee  |z Carroll County  |v Maps. 
650 0 |a Mines and mineral resources  |z Tennessee  |z Benton County  |v Maps. 
650 0 |a Mines and mineral resources  |z Tennessee  |z Carroll County  |v Maps. 
700 1 |a Jones, Clarke. 
700 1 |a Hershey, Robert E. 
710 2 |a Geological Survey (U.S.) 
710 2 |a Tennessee Valley Authority. 
710 1 |a Tennessee.  |b Division of Geology. 
740 0 |a Mineral resources summary of the Bruceton quadrangle, Tennessee. 
740 0 |a Geologic map and mineral resources summary of the Bruceton quadrangle, Tennessee. 
740 0 |a Bruceton quadrangle, Tennessee, geologic map. 
830 0 |a Geologic map (Tennessee. Division of Geology) ;  |v GM 20-SW. 
948 |a cataloged  |b h  |c 2008/2/19  |d c  |e jgreene  |f 12:16:25 pm 
994 |a C0  |b TXA 
999 |a MARS 
999 f f |s 571e06b4-64ce-38dd-a83d-3130c1a1d20a  |i 08dd79b0-dac9-30e3-b994-38601f64e8c3  |t 0 
952 f f |p normal  |a Texas A&M University  |b College Station  |c Sterling C. Evans Library  |d Evans: Maps (2nd floor)  |t 0  |e G3961.C5 s24 .T46 no.GM 20-SW  |h Library of Congress classification  |i unmediated -- sheet  |m A14834392753 
952 f f |p normal  |a Texas A&M University  |b College Station  |c Sterling C. Evans Library  |d Evans: Maps (2nd floor)  |t 0  |e G3961.C5 s24 .T46 no.GM 20-SW  |h Library of Congress classification  |i unmediated -- sheet  |k text  |m A14834392711 
998 f f |a G3961.C5 s24 .T46 no.GM 20-SW  |t 0  |l Evans: Maps (2nd floor)